The unbearable lightness of scones / (Record no. 6206)

MARC details
000 -LEADER
fixed length control field 01747cam a2200313 a 4500
001 - CONTROL NUMBER
control field 6206
003 - CONTROL NUMBER IDENTIFIER
control field FISKH
005 - DATE AND TIME OF LATEST TRANSACTION
control field 20250328101305.0
008 - FIXED-LENGTH DATA ELEMENTS--GENERAL INFORMATION
fixed length control field 090831s2010 nyua 000 1 eng
010 ## - LIBRARY OF CONGRESS CONTROL NUMBER
LC control number 2009035066
020 ## - INTERNATIONAL STANDARD BOOK NUMBER
International Standard Book Number 9780307454706 (pbk.)
020 ## - INTERNATIONAL STANDARD BOOK NUMBER
International Standard Book Number 9780349121147
040 ## - CATALOGING SOURCE
Original cataloging agency DLC
Transcribing agency DLC
Modifying agency DLC
Language of cataloging eng
050 ## - LIBRARY OF CONGRESS CALL NUMBER
Classification number PR6063.C326 U53
082 ## - DEWEY DECIMAL CLASSIFICATION NUMBER
Classification number 823.914
100 1# - MAIN ENTRY--PERSONAL NAME
Personal name McCall Smith, Alexander,
Dates associated with a name 1948-
245 14 - TITLE STATEMENT
Title The unbearable lightness of scones /
Statement of responsibility, etc. Alexander McCall Smith ; Illustrations by Iain Mcintosh
250 ## - EDITION STATEMENT
Edition statement This edition published in 2011
260 ## - PUBLICATION, DISTRIBUTION, ETC.
Place of publication, distribution, etc. New York :
Name of publisher, distributor, etc. Abacus,
Date of publication, distribution, etc. 2008.
300 ## - PHYSICAL DESCRIPTION
Extent 328 pages :
Other physical details illustrations ;
Dimensions 20 cm
520 ## - SUMMARY, ETC.
Summary, etc. The Unbearable Lightness of Scones, finds Bertie, the precocious six-year-old, still troubled by his rather overbearing mother, Irene, but seeking his escape in the Cub Scouts. Matthew is rising to the challenge of married life with newfound strength and resolve, while Domenica epitomizes the loneliness of the long-distance intellectual. Cyril, the gold-toothed star of the whole show, succumbs to the kind of romantic temptation that no dog can resist and creates a small problem, or rather six of them, for his friend and owner Angus Lordies.<br/>With his customary deftness, Alexander McCall Smith once again brings us an absorbing and entertaining tale of some of Scotland's most quirky and beloved characters all set in the beautiful, stoic city of Edinburgh
650 #0 - SUBJECT ADDED ENTRY--TOPICAL TERM
Topical term or geographic name entry element Apartment houses
Form subdivision Fiction.
650 #0 - SUBJECT ADDED ENTRY--TOPICAL TERM
Topical term or geographic name entry element Edinburgh (Scotland)
General subdivision Social life and customs
Form subdivision Fiction.
655 #7 - INDEX TERM--GENRE/FORM
Genre/form data or focus term Humorous fiction.
Source of term gsafd
700 ## - ADDED ENTRY--PERSONAL NAME
Personal name Mcintosh, Iain
Relator term illustrator
906 ## - LOCAL DATA ELEMENT F, LDF (RLIN)
a 7
b cbc
c orignew
d 1
e ecip
f 20
g y-gencatlg
942 ## - ADDED ENTRY ELEMENTS (KOHA)
Source of classification or shelving scheme Dewey Decimal Classification
Koha item type Books
Suppress in OPAC No
Holdings
Withdrawn status Lost status Source of classification or shelving scheme Damaged status Not for loan Collection Home library Current library Shelving location Date acquired Total Checkouts Full call number Barcode Date last seen Date last checked out Price effective from Koha item type
    Dewey Decimal Classification     Fiction Footprints International School Library Network Toul Kork Campus Footprints International School Library Network Toul Kork Campus A TK Campus, 4th Floor, Room B401, Fiction Bookcases (1-6) 03/28/2025 1 SMI 823.914 PR6063.C326 U53 2025-0877 04/01/2026 03/02/2026 03/28/2025 Books